00352nam a2200109Ia 450000500170000000800410001710000180005824501130007626000200018930000100020965000230021920260328101519.0260328s9999||||xx |||||||||||||| ||und|| aKoch, Rudolf  0aEl Libro de los signos :b Una singular colección de 493 signos primitivos y del medievales /cRudolf Koch bDavid Consuegra a39 p. aDISEÑO GRÁFICO